[Event "TUR-chT"]
[Site "Ankara"]
[Date "2023.07.16"]
[Round "7.5"]
[White "Dogan, Nazmi Can"]
[Black "Gallevci, Yagiz"]
[Result "1/2-1/2"]
[WhiteElo "2285"]
[BlackElo "2204"]
[PlyCount "60"]
[EventDate "2023.07.10"]
[EventType "team-tourn"]
[EventRounds "11"]
[EventCountry "TUR"]
[SourceTitle "EXT 2024"]
[Source "ChessBase"]
[SourceDate "2023.10.10"]
[SourceVersion "1"]
[SourceVersionDate "2023.10.10"]
[SourceQuality "1"]
[WhiteTeam "Hukukcu Fenerbahceliler"]
[BlackTeam "Burhaniye"]
[WhiteTeamCountry "TUR"]
[BlackTeamCountry "TUN"]

1. d4 d5 2. c4 c6 3. Nf3 Nf6 4. Qc2 e6 5. g3 Nbd7 6. Bg2 Bd6 7. 0-0 0-0 8. Nbd2 e5 9. cxd5 cxd5 10. dxe5 Nxe5 11. Nxe5 Bxe5 12. Nf3 Bd6 13. Rd1 b6 14. Bg5 Bb7 15. Nh4 Rc8 16. Qf5 Be7 17. Qd3 h6 18. Be3 Re8 19. Bh3 Rc7 20. Nf5 Bc5 21. Bg2 Ng4 22. Bxc5 bxc5 23. h3 Nf6 24. Rac1 Re6 25. e3 Qc8 26. b3 Qf8 27. Qb1 Rb6 28. Qa1 Bc8 29. Qe5 Rd7 30. Qc3 Rc7 1/2-1/2

[Event "TUR-chT"]
[Site "Ankara"]
[Date "2023.07.11"]
[Round "2.2"]
[White "Can, Isik"]
[Black "Gallevci, Yagiz"]
[Result "1-0"]
[WhiteElo "2512"]
[BlackElo "2204"]
[PlyCount "64"]
[EventDate "2023.07.10"]
[EventType "team-tourn"]
[EventRounds "11"]
[EventCountry "TUR"]
[SourceTitle "EXT 2024"]
[Source "ChessBase"]
[SourceDate "2023.10.10"]
[SourceVersion "1"]
[SourceVersionDate "2023.10.10"]
[SourceQuality "1"]
[WhiteTeam "Turk Hava Yollari"]
[BlackTeam "Burhaniye"]
[WhiteTeamCountry "TUR"]
[BlackTeamCountry "TUN"]

1. e4 e6 2. d4 d5 3. Nc3 dxe4 4. Nxe4 Nd7 5. Nf3 Ngf6 6. Bd3 Nxe4 7. Bxe4 c5 8. 0-0 Nf6 9. Bg5 h6 10. Bxf6 Qxf6 11. Qd3 a6 12. Qb3 Rb8 13. Bc6+ Bd7 14. Ne5 Bxc6 15. Nxc6 c4 16. Qb6 e5 17. Qa7 Rc8 18. Nxe5 Bd6 19. Qxb7 0-0 20. Nd7 Bxh2+ 21. Kxh2 Qd6+ 22. Ne5 f6 23. Qd7 Qb8 24. f4 fxe5 25. fxe5 Qxb2 26. e6 Rfd8 27. Qf7+ Kh8 28. e7 Qb8+ 29. Kg1 Re8 30. Rae1 c3 31. d5 Qb6+ 32. Rf2 Qd4 1-0

[Event "TUR-chT"]
[Site "Ankara"]
[Date "2023.07.10"]
[Round "1.5"]
[White "Gallevci, Yagiz"]
[Black "Kilic, Eray"]
[Result "0-1"]
[WhiteElo "2204"]
[BlackElo "2422"]
[PlyCount "86"]
[EventDate "2023.07.10"]
[EventType "team-tourn"]
[EventRounds "11"]
[EventCountry "TUR"]
[SourceTitle "EXT 2024"]
[Source "ChessBase"]
[SourceDate "2023.10.10"]
[SourceVersion "1"]
[SourceVersionDate "2023.10.10"]
[SourceQuality "1"]
[WhiteTeam "Burhaniye"]
[BlackTeam "Gokturk"]
[WhiteTeamCountry "TUN"]
[BlackTeamCountry "TUR"]

1. c4 Nf6 2. Nc3 e6 3. Nf3 d5 4. e3 c5 5. cxd5 exd5 6. Bb5+ Nc6 7. d4 Bd7 8. 0-0 a6 9. Bxc6 Bxc6 10. b3 Bd6 11. dxc5 Bxc5 12. Bb2 0-0 13. Rc1 Bd6 14. Qd4 Re8 15. Rfd1 Qe7 16. Rc2 Rad8 17. Qh4 Qf8 18. h3 h6 19. Qd4 Ne4 20. Qd3 Bb8 21. Qd4 f6 22. Qb6 Ng5 23. Nxg5 hxg5 24. Ne2 Qd6 25. Ng3 Qe6 26. Nf1 g4 27. hxg4 Qxg4 28. Qd4 Re4 29. Qd2 Qh5 30. Qe2 Qh7 31. g3 Kf7 32. f3 Ree8 33. Bd4 Rh8 34. Qg2 Qf5 35. g4 Qg6 36. Rcc1 Rh4 37. Bc3 Rdh8 38. Be1 Rh3 39. Bg3 Bxg3 40. Nxg3 Qh6 41. Nf1 Qh4 42. Qf2 Rh1+ 43. Kg2 Qh3# 0-1

[Event "Mersin op 6th"]
[Site "Mersin"]
[Date "2022.09.09"]
[Round "8"]
[White "Gallevci, Yagiz"]
[Black "Eke, Salih"]
[Result "1-0"]
[WhiteElo "2219"]
[BlackElo "2088"]
[PlyCount "49"]
[EventDate "2022.09.04"]
[EventType "swiss"]
[EventRounds "9"]
[EventCountry "TUR"]
[SourceTitle "CBM 210 Extra"]
[Source "ChessBase"]
[SourceDate "2022.11.30"]
[SourceVersion "1"]
[SourceVersionDate "2022.11.30"]
[SourceQuality "1"]

1. e4 c5 2. Nc3 e6 3. d4 cxd4 4. Qxd4 Nc6 5. Qe3 Nf6 6. Nf3 Bb4 7. a3 Ba5 8. b4 Bb6 9. Qg5 h6 10. Qg3 Nd4 11. Bd3 Nxf3+ 12. Qxf3 Bd4 13. Bd2 d5 14. exd5 Nxd5 15. Be4 0-0 16. Rd1 Qe7 17. 0-0 Nf6 18. Bd3 e5 19. h3 Be6 20. Rfe1 a6 21. Ne2 Bd5 22. Qg3 Nh5 23. Qg4 Nf6 24. Qh4 Bb6 25. Ng3 1-0

[Event "TUR-chT"]
[Site "Ankara"]
[Date "2022.08.21"]
[Round "6.2"]
[White "Gallevci, Yagiz"]
[Black "Citak, Selim"]
[Result "0-1"]
[WhiteElo "2232"]
[BlackElo "2164"]
[PlyCount "92"]
[EventDate "2022.08.16"]
[EventType "team-tourn"]
[EventRounds "13"]
[EventCountry "TUR"]
[SourceTitle "CBM 209 Extra"]
[Source "ChessBase"]
[SourceDate "2022.09.30"]
[SourceVersion "1"]
[SourceVersionDate "2022.09.30"]
[SourceQuality "1"]
[WhiteTeam "Burhaniye"]
[BlackTeam "Deniz Su Aquamatch"]
[WhiteTeamCountry "TUN"]
[BlackTeamCountry "TUR"]

1. e4 e5 2. Nf3 Nc6 3. d4 exd4 4. Nxd4 Bc5 5. Nb3 Bb6 6. Nc3 Nf6 7. Qe2 d6 8. Be3 Qe7 9. 0-0-0 Be6 10. g3 0-0-0 11. Bxb6 axb6 12. Bg2 Rhe8 13. Nd4 Nxd4 14. Rxd4 Kb8 15. f4 Bd7 16. Qd2 Bc6 17. Rd1 Nd7 18. b4 f5 19. exf5 Bxg2 20. Qxg2 Nf6 21. g4 c5 22. bxc5 bxc5 23. Ra4 d5 24. g5 Qe3+ 25. Qd2 Ng4 26. Nb5 Qxd2+ 27. Rxd2 Re1+ 28. Kb2 Ne3 29. f6 gxf6 30. gxf6 Rf8 31. Nc3 d4 32. Ne4 b5 33. Nxc5 bxa4 34. Rxd4 Kc8 35. Rxa4 Rxf6 36. Ra8+ Kc7 37. Ra7+ Kd8 38. Rxh7 Re2 39. Rh8+ Kc7 40. Rh7+ Kc6 41. Nd3 Rxc2+ 42. Kb3 Re2 43. Ra7 Nd5 44. Ne5+ Kb6 45. Rd7 Nxf4 46. Re7 Ka6 0-1

[Event "Ayvalik Plati"]
[Site "Ayvalik"]
[Date "2022.02.01"]
[Round "4"]
[White "Tomic, Aleksandar1111"]
[Black "Gallevci, Yagiz"]
[Result "1/2-1/2"]
[WhiteElo "2332"]
[BlackElo "2214"]
[PlyCount "160"]
[EventDate "2022.01.30"]
[EventType "schev"]
[EventRounds "9"]
[EventCountry "TUR"]
[SourceTitle "CBM 206 Extra"]
[Source "ChessBase"]
[SourceDate "2022.03.31"]
[SourceVersion "1"]
[SourceVersionDate "2022.03.31"]
[SourceQuality "1"]
[WhiteTeam "Team 3"]
[BlackTeam "Team 4"]
[WhiteTeamCountry "TUN"]
[BlackTeamCountry "TUR"]

1. Nf3 d5 2. d4 Nf6 3. Bf4 Bf5 4. e3 e6 5. c4 Bxb1 6. Qxb1 Bb4+ 7. Kd1 Ne4 8. Qc2 Bd6 9. Bg3 Nd7 10. Bd3 f5 11. Ke2 0-0 12. Qb3 Bxg3 13. hxg3 c6 14. cxd5 cxd5 15. Rac1 Nd6 16. g4 Nf6 17. gxf5 Nxf5 18. Rc2 Qe7 19. Qa3 Nd6 20. Ne5 a6 21. f3 Rfc8 22. g4 Rxc2+ 23. Bxc2 Rc8 24. Bb1 g6 25. Qb4 Qc7 26. b3 Nf7 27. Nd3 Re8 28. Rc1 Qh2+ 29. Nf2 e5 30. dxe5 Nxe5 31. Rh1 Qg3 32. Rh3 Qg1 33. Qe1 Qxe1+ 34. Kxe1 d4 35. Ne4 Nxe4 36. Bxe4 dxe3 37. Ke2 b6 38. Kxe3 Nd7 39. Kd4 Kg7 40. Rh2 Nc5 41. Bd5 Ne6+ 42. Kc3 Nf4 43. Be4 h5 44. gxh5 gxh5 45. Rh4 Rf8 46. Bb7 a5 47. Kc4 Kh6 48. Kb5 Rf6 49. Bc6 Kg5 50. Rh1 h4 51. Kxb6 h3 52. Kb5 Rh6 53. Bb7 Kh4 54. Kxa5 Kg3 55. Kb5 Kg2 56. Re1 h2 57. a4 Re6 58. Be4 Nh3 59. Rc1 Ng1 60. Rc2+ Kg3 61. Rxh2 Kxh2 62. a5 Ne2 63. Kc4 Kg3 64. Bb7 Nc1 65. b4 Re7 66. a6 Rc7+ 67. Kd4 Ne2+ 68. Ke5 Nc3 69. a7 Rxb7 70. a8Q Rxb4 71. Qg8+ Kf2 72. f4 Rb5+ 73. Ke6 Ne2 74. Qg4 Ke3 75. Qh3+ Kxf4 76. Qh4+ Ke3 77. Kd6 Nd4 78. Qg3+ Ke4 79. Qe1+ Kd3 80. Kc7 Rf5 1/2-1/2

[Event "Ayvalik Plati"]
[Site "Ayvalik"]
[Date "2022.01.31"]
[Round "3"]
[White "Draskovic, Luka"]
[Black "Gallevci, Yagiz"]
[Result "1-0"]
[WhiteElo "2464"]
[BlackElo "2214"]
[PlyCount "107"]
[EventDate "2022.01.30"]
[EventType "schev"]
[EventRounds "9"]
[EventCountry "TUR"]
[SourceTitle "CBM 206 Extra"]
[Source "ChessBase"]
[SourceDate "2022.03.31"]
[SourceVersion "1"]
[SourceVersionDate "2022.03.31"]
[SourceQuality "1"]
[WhiteTeam "Team 3"]
[BlackTeam "Team 4"]
[WhiteTeamCountry "TUN"]
[BlackTeamCountry "TUR"]

1. e4 c6 2. d4 d5 3. e5 Bf5 4. h4 h5 5. Bd3 Bxd3 6. Qxd3 e6 7. Nf3 Nd7 8. 0-0 Be7 9. Bg5 Nh6 10. Nbd2 Nf5 11. g3 c5 12. c4 dxc4 13. Nxc4 cxd4 14. Bxe7 Qxe7 15. Nxd4 Nc5 16. Qc3 0-0 17. Nxf5 exf5 18. Nd6 Nd7 19. Rfe1 g6 20. Rad1 Qe6 21. Nxb7 Rfc8 22. Qd4 Nf8 23. b3 Qb6 24. Nd6 Rc2 25. Qxb6 axb6 26. a4 Ne6 27. Nc4 Nc5 28. Nxb6 Ra6 29. Nd5 Rb2 30. b4 Nxa4 31. Ra1 Rd2 32. Nc3 Nxc3 33. Rxa6 Ne4 34. e6 fxe6 35. Rxe6 Kf7 36. R6xe4 fxe4 37. Rxe4 Rb2 38. Kg2 Rb3 39. Kf1 Rb2 40. Ke1 Kf6 41. Rf4+ Ke6 42. Kd1 Ke5 43. Kc1 Rb3 44. Kc2 Ra3 45. Kb2 Rd3 46. Kc2 Ra3 47. b5 Ke6 48. b6 Ra6 49. Rb4 Ra8 50. b7 Rb8 51. Kd3 Kf5 52. Kd4 Kg4 53. Kc5+ Kf3 54. Rf4+ 1-0

[Event "EU-Cup Online Gr-C"]
[Site "Tornelo INT"]
[Date "2021.03.27"]
[Round "4.2"]
[White "Bouget, Alexandre"]
[Black "Gallevci, Yagiz"]
[Result "1-0"]
[WhiteElo "2247"]
[BlackElo "2069"]
[PlyCount "73"]
[EventDate "2021.03.27"]
[EventType "team-tourn (rapid)"]
[EventRounds "9"]
[EventCountry "NET"]
[SourceTitle "CBM 201 Extra"]
[Source "ChessBase"]
[SourceDate "2021.05.31"]
[SourceVersion "1"]
[SourceVersionDate "2021.05.31"]
[SourceQuality "1"]
[WhiteTeam "Guingamp"]
[BlackTeam "Zeitnot Express"]
[WhiteTeamCountry "FRA"]
[BlackTeamCountry "TUR"]

1. d4 d5 2. c4 c6 3. Nc3 Nf6 4. Nf3 dxc4 5. a4 Bf5 6. Ne5 Nbd7 7. Nxc4 Nb6 8. Ne5 a5 9. f3 Nfd7 10. Nxd7 Nxd7 11. e4 Bg6 12. Be3 e5 13. Qb3 Bb4 14. 0-0-0 Qe7 15. h4 f6 16. Bc4 Bf7 17. Bxf7+ Qxf7 18. Qxf7+ Kxf7 19. dxe5 Nxe5 20. Bb6 Ke7 21. h5 Nc4 22. Bd4 Rad8 23. h6 g6 24. f4 Kf7 25. e5 c5 26. Bf2 fxe5 27. Ne4 exf4 28. Bh4 Rd4 29. Ng5+ Ke8 30. Ne6 Bd2+ 31. Kb1 Rd6 32. Nxc5 Kf7 33. Ne4 Rd7 34. b3 Na3+ 35. Kb2 Bb4 36. Rxd7+ Ke6 37. Rd8 1-0

[Event "EU-Cup Online Gr-C"]
[Site "Tornelo INT"]
[Date "2021.03.27"]
[Round "3.3"]
[White "Keymer, Vincent"]
[Black "Gallevci, Yagiz"]
[Result "1-0"]
[WhiteElo "2591"]
[BlackElo "2069"]
[PlyCount "65"]
[EventDate "2021.03.27"]
[EventType "team-tourn (rapid)"]
[EventRounds "9"]
[EventCountry "NET"]
[SourceTitle "CBM 201 Extra"]
[Source "ChessBase"]
[SourceDate "2021.05.31"]
[SourceVersion "1"]
[SourceVersionDate "2021.05.31"]
[SourceQuality "1"]
[WhiteTeam "Deizisau"]
[BlackTeam "Zeitnot Express"]
[WhiteTeamCountry "GER"]
[BlackTeamCountry "TUR"]

1. Nf3 d5 2. e3 Nf6 3. c4 c6 4. Nc3 e6 5. b3 Bd6 6. Bb2 0-0 7. h3 Qe7 8. g4 Nbd7 9. Qc2 b6 10. g5 Nh5 11. 0-0-0 Bb7 12. d4 Rac8 13. Kb1 e5 14. dxe5 Nxe5 15. Be2 g6 16. Nxe5 Bxe5 17. Bxh5 gxh5 18. Qf5 Qe6 19. Qf3 dxc4 20. bxc4 Qxc4 21. Qe4 Qe6 22. f4 Bxc3 23. Qxe6 fxe6 24. Bxc3 c5 25. Rd7 Be4+ 26. Kb2 Rf7 27. Rhd1 Bd5 28. Rd6 Rc6 29. R1xd5 Rxd6 30. Rxd6 Re7 31. Bf6 Rb7 32. Rxe6 Kf7 33. f5 1-0

[Event "TUR Cup"]
[Site "Antalya"]
[Date "2020.01.28"]
[Round "4"]
[White "Gallevci, Yagiz"]
[Black "Kamer, Kayra"]
[Result "1/2-1/2"]
[WhiteElo "2186"]
[BlackElo "2348"]
[PlyCount "97"]
[EventDate "2020.01.26"]
[EventType "swiss"]
[EventRounds "11"]
[EventCountry "TUR"]
[SourceTitle "CBM 194 Extra"]
[Source "ChessBase"]
[SourceDate "2020.03.31"]
[SourceVersion "1"]
[SourceVersionDate "2020.03.31"]
[SourceQuality "1"]

1. e4 c5 2. Nf3 e6 3. d4 cxd4 4. Nxd4 a6 5. c4 Nf6 6. Nc3 Qc7 7. Be2 b6 8. 0-0 Bb7 9. Qd3 Nc6 10. Nxc6 dxc6 11. f4 Rd8 12. Qh3 c5 13. f5 exf5 14. Bf4 Bd6 15. Bxd6 Qxd6 16. Rad1 Qe7 17. Rxd8+ Qxd8 18. Qxf5 Qd4+ 19. Kh1 0-0 20. e5 Ne4 21. e6 g6 22. exf7+ Kg7 23. Qf4 Nxc3 24. bxc3 Qxf4 25. Rxf4 Bc8 26. Bg4 g5 27. Re4 Rxf7 28. Kg1 Bxg4 29. Rxg4 Kf6 30. Re4 Rd7 31. Kf2 Rd1 32. Re2 Rc1 33. Rb2 Ke5 34. Rxb6 Rc2+ 35. Kf1 Rxc3 36. Rxa6 Rxc4 37. Rh6 Kf4 38. Re6 Rb4 39. Re2 c4 40. Kf2 Rb8 41. g3+ Kg4 42. Ke3 Rd8 43. Rd2 Rc8 44. Rc2 h5 45. Kd4 Kh3 46. Kc3 Ra8 47. Kb4 Rb8+ 48. Kc3 Ra8 49. Kb4 1/2-1/2

[Event "TUR Cup"]
[Site "Antalya"]
[Date "2020.01.26"]
[Round "1"]
[White "Yildirim, Kemal"]
[Black "Gallevci, Yagiz"]
[Result "0-1"]
[WhiteElo "1695"]
[BlackElo "2186"]
[PlyCount "60"]
[EventDate "2020.01.26"]
[EventType "swiss"]
[EventRounds "11"]
[EventCountry "TUR"]
[SourceTitle "CBM 194 Extra"]
[Source "ChessBase"]
[SourceDate "2020.03.31"]
[SourceVersion "1"]
[SourceVersionDate "2020.03.31"]
[SourceQuality "1"]

1. e4 c6 2. Ne2 d5 3. e5 c5 4. d4 Nc6 5. c3 Bf5 6. a3 e6 7. Be3 Qb6 8. b4 cxb4 9. cxb4 a5 10. Qa4 Bd3 11. Nec3 Bxf1 12. Rxf1 f6 13. f4 Nh6 14. Nd2 Nf5 15. Bg1 h5 16. Rb1 Kf7 17. bxa5 Qxa5 18. Rxb7+ Be7 19. Qxa5 Nxa5 20. Rb1 Rhc8 21. Na4 Rc2 22. Nc5 Nc4 23. Nxc4 Rxc4 24. Nb3 Rxa3 25. Rf3 Bb4+ 26. Kd1 Ra2 27. g3 Rg2 28. Rf1 Rcc2 29. Ra1 Rxg1 30. Kxc2 Rxf1 0-1

[Event "TUR-ch U13-U18"]
[Site "Antalya"]
[Date "2020.01.21"]
[Round "4"]
[White "Ozdemir, Serhan Berat"]
[Black "Gallevci, Yagiz"]
[Result "1/2-1/2"]
[WhiteElo "2139"]
[BlackElo "2186"]
[PlyCount "56"]
[EventDate "2020.01.19"]
[EventType "swiss"]
[EventRounds "11"]
[EventCountry "TUR"]
[SourceTitle "CBM 195 Extra"]
[Source "ChessBase"]
[SourceDate "2020.05.31"]
[SourceVersion "1"]
[SourceVersionDate "2020.05.31"]
[SourceQuality "1"]

1. e4 e6 2. d4 d5 3. Nd2 dxe4 4. Nxe4 Nd7 5. Nf3 Ngf6 6. Bd3 Nxe4 7. Bxe4 Nf6 8. Bd3 c5 9. dxc5 Bxc5 10. 0-0 0-0 11. Qe2 Qc7 12. Bg5 Be7 13. Rfe1 Bd7 14. Ne5 Bc6 15. Nxc6 Qxc6 16. c3 Rfd8 17. Rad1 Qb6 18. Qc2 h6 19. Bxf6 Bxf6 20. Bh7+ Kh8 21. Be4 Rac8 22. Qb3 Qxb3 23. axb3 b6 24. Kf1 Kg8 25. Ke2 Kf8 26. Bb7 Rb8 27. Bc6 Rdc8 28. Bf3 Rd8 1/2-1/2

[Event "Mersin op 4th"]
[Site "Mersin"]
[Date "2019.11.18"]
[Round "4"]
[White "Can, Isik"]
[Black "Gallevci, Yagiz"]
[Result "1-0"]
[WhiteElo "2380"]
[BlackElo "2245"]
[PlyCount "48"]
[EventDate "2019.11.16"]
[EventType "swiss"]
[EventRounds "9"]
[EventCountry "TUR"]
[SourceTitle "CBM 193 Extra"]
[Source "ChessBase"]
[SourceDate "2020.01.31"]
[SourceVersion "1"]
[SourceVersionDate "2020.01.31"]
[SourceQuality "1"]

1. e4 e6 2. d4 d5 3. Nd2 dxe4 4. Nxe4 Nd7 5. Nf3 Ngf6 6. Bd3 Be7 7. Qe2 Nxe4 8. Qxe4 Nf6 9. Qh4 b6 10. Qg3 Bb7 11. 0-0 Rc8 12. Rd1 Qd5 13. Ne5 Kf8 14. c4 Qxd4 15. Bc2 Qc5 16. Bg5 Kg8 17. Be3 Qa5 18. Bd4 Bc5 19. Bc3 Bb4 20. Nc6 Bxc6 21. Bxf6 Bf8 22. Rd4 h5 23. Rad1 h4 24. Rxh4 Rh5 1-0

[Event "TUR-chT 1st League"]
[Site "Konya"]
[Date "2019.07.27"]
[Round "8.3"]
[White "Sibashvili, Giorgi"]
[Black "Gallevci, Yagiz"]
[Result "1/2-1/2"]
[WhiteElo "2389"]
[BlackElo "2036"]
[PlyCount "70"]
[EventDate "2019.07.22"]
[EventType "team-swiss"]
[EventRounds "9"]
[EventCountry "TUR"]
[SourceTitle "CBM 191 Extra"]
[Source "ChessBase"]
[SourceDate "2019.09.30"]
[SourceVersion "1"]
[SourceVersionDate "2019.09.30"]
[SourceQuality "1"]
[WhiteTeam "Varyant Genclik"]
[BlackTeam "Burhaniye"]
[WhiteTeamCountry "TUR"]
[BlackTeamCountry "TUR"]

1. e4 c6 2. d4 d5 3. exd5 cxd5 4. Bd3 Nc6 5. c3 Nf6 6. Bf4 g6 7. Nd2 Bf5 8. Bxf5 gxf5 9. Qb3 Qd7 10. Ngf3 e6 11. Ne5 Nxe5 12. Bxe5 Be7 13. f3 Rg8 14. 0-0 Nh5 15. Rfe1 f4 16. c4 f6 17. cxd5 exd5 18. Bd6 Qxd6 19. Ne4 Qd8 20. Nc3 Rg7 21. Nxd5 Kf8 22. Re6 Qd7 23. Rae1 Re8 24. R6e4 Rf7 25. Kf1 Ng7 26. Nxf4 Bd8 27. Rxe8+ Nxe8 28. Ne6+ Kg8 29. Nc5 Qc6 30. Nxb7 Qd7 31. Nc5 Qc6 32. Qb8 Re7 33. Qxd8 Qb5+ 34. Kf2 Qxb2+ 35. Kf1 Qb5+ 1/2-1/2

[Event "TUR-chT 1st League"]
[Site "Konya"]
[Date "2019.07.25"]
[Round "5.2"]
[White "Gallevci, Yagiz"]
[Black "Sakir, Ridvan"]
[Result "1/2-1/2"]
[WhiteElo "2036"]
[BlackElo "2297"]
[PlyCount "37"]
[EventDate "2019.07.22"]
[EventType "team-swiss"]
[EventRounds "9"]
[EventCountry "TUR"]
[SourceTitle "CBM 191 Extra"]
[Source "ChessBase"]
[SourceDate "2019.09.30"]
[SourceVersion "1"]
[SourceVersionDate "2019.09.30"]
[SourceQuality "1"]
[WhiteTeam "Burhaniye"]
[BlackTeam "Manisa Turkuaz"]
[WhiteTeamCountry "TUR"]
[BlackTeamCountry "TUR"]

1. e4 c5 2. Nf3 d6 3. d4 cxd4 4. Nxd4 Nf6 5. Nc3 g6 6. Be3 Bg7 7. f3 0-0 8. Qd2 Nc6 9. 0-0-0 d5 10. exd5 Nxd5 11. Nxc6 bxc6 12. Bd4 e5 13. Bc5 Be6 14. Ne4 Re8 15. c4 Qc7 16. Bd6 Qb6 17. Bc5 Qc7 18. Bd6 Qb6 19. Bc5 1/2-1/2

[Event "Paracin Summer op-A 12th"]
[Site "Paracin"]
[Date "2019.07.12"]
[Round "9"]
[White "Audi, Ameya"]
[Black "Gallevci, Yagiz"]
[Result "1-0"]
[WhiteElo "2328"]
[BlackElo "2036"]
[PlyCount "69"]
[EventDate "2019.07.05"]
[EventType "swiss"]
[EventRounds "9"]
[EventCountry "SRB"]
[SourceTitle "CBM 191 Extra"]
[Source "ChessBase"]
[SourceDate "2019.09.30"]
[SourceVersion "1"]
[SourceVersionDate "2019.09.30"]
[SourceQuality "1"]

1. e4 c6 2. Nf3 d5 3. exd5 cxd5 4. Ne5 Nf6 5. d4 g6 6. Bb5+ Nbd7 7. 0-0 Bg7 8. Re1 0-0 9. Nf3 Nb6 10. Nbd2 Bf5 11. h3 Rc8 12. c3 a6 13. Bf1 Qd6 14. Ne5 Nfd7 15. Ndf3 f6 16. Ng4 e5 17. Nh6+ Bxh6 18. Bxh6 Rfe8 19. dxe5 fxe5 20. Qd2 Nf6 21. Rad1 Nbd7 22. g4 Be6 23. Bg2 Kh8 24. Nxe5 Nxe5 25. Rxe5 Nxg4 26. Rxe6 Qxe6 27. hxg4 Rc4 28. Qxd5 Qxd5 29. Rxd5 Rxg4 30. Kf1 Rh4 31. Bg5 Rh5 32. Bf6+ Kg8 33. Rd7 Re6 34. Bd4 Kf8 35. Bd5 1-0